| 000 | 00496nam a22001337a 4500 | ||
|---|---|---|---|
| 082 | _aMSEE-4 ARI | ||
| 100 |
_aMoiz Arif _998925 |
||
| 245 | _aMinimizing service downtime during live VM migration using predictive signaling mechanisms | ||
| 260 |
_aIslamabad _bNUST-SEECS _c2015 |
||
| 300 |
_a59p. _bill.; _eCD ROM |
||
| 500 | _aSupervisors:Dr. Adnan Khalid Kiani, Dr. Aamir Shafi, Dr. Adeel Baig, Dr. Junaid Qadir | ||
| 856 | _uhttp://10.250.8.41:8080/xmlui/handle/123456789/8914 | ||
| 942 |
_cPR _2ddc |
||
| 999 |
_c13441 _d13441 |
||